000 00337nam a22001457a 4500
003 SGT
020 _a938426613-2
082 _a615
_bGOY
100 _aGOYAL, ANJALI
245 _aA TEXTBOOK OF PHARMACEUTICAL ANALYSIS
260 _aINDIA
_bBIRLA PUB.
_c2024
300 _a615
650 _aPHARMACEUTICAL ANALYSIS
942 _2ddc
_cBK
999 _c32988
_d32988